01242nam a2200265Ia 4500003000900000008004100009020001800050040001600068080002000084111011100104245030800215260004000523300001500563490005500578650004100633650002700674650002800701650003000729700003400759700003600793710002900829942000700858999001500865952009600880IN-BaIIA211028s9999 xx 000 0 eng d a0-902553-29-1 cIIA Library a524.5(063)bLAB aWorkshop on Laboratory and Observational Infrared Spectra of Interstellar DustcUSd1983 July 18-20913443 0aLaboratory and observational infrared spectra of interstellar dustbproceedings of the workshop on laboratory and observational infrared spectra of interstellar dust held in Hilo, Hawaii, US, 18-20 July 1983cedited by R. D. Wolstencroft and Mayo J. Greenberg  aEdingburghbRoyal Observatoryc1984 avii, 174p. aOccasional reports of the Royal Observatory; no.12 aAstronomy and astrophysics thesaurus aInfrared spectra95635 aInterstellar dust95398 aInterstellar medium93375 aGreenberg, Mayo J., ed.97680 aWolstencroft, R. D., ed.913444 aRoyal Observatory913445 cBK c7973d7973 00104070aBANbBANcGENd1984-10-15l0o524.5(063)/ LABp8796r2021-11-05w1984-10-15yBK